000 00891nam a22002777a 4500
001 9969
003 FISKH
005 20260320085957.0
008 260320b cb ||||| |||| 00| 0 eng d
020 _a9781572552036
040 _aFISKH
_beng
_cFISKH
_dFISKH
050 _aPZ7 .M478415 .M
082 _a813
100 _aMcCunney, Michelle
_eAuthor
245 _aMario's Mayan journey /
_cby Michelle McCunney
260 _aNew York :
_bMONDO Publishing ,
_c1996
300 _a31 pages :
_bcolor illustrations ;
_c28 cm
505 _aR
520 _aA young Mexican dreams that he meets two Mayan children and together they visit ancient ruins in the jungles of the Yucátan Peninsula.
521 8 _a740
_bLexile
521 8 _aR
_bRaz-Plus
650 _aJungles of the Yucatan
_vPicture book
650 _aAncient Maya
_vAncient ruins
942 _2ddc
_cBK
_n0
999 _c9969
_d9969